[Event "Bogota University op 9th"]
[Site "Bogota"]
[Date "2015.10.12"]
[Round "9"]
[White "Estrella Becerra, Fernando"]
[Black "Sanchez Ardila, Jorge Luis"]
[Result "0-1"]
[WhiteElo "1958"]
[BlackElo "2061"]
[PlyCount "78"]
[EventDate "2015.10.08"]
[EventType "swiss"]
[EventRounds "9"]
[EventCountry "COL"]
[SourceTitle "CBM 168 Extra"]
[Source "ChessBase"]
[SourceDate "2015.10.29"]
[SourceVersion "1"]
[SourceVersionDate "2015.10.29"]
[SourceQuality "1"]

1. c4 Nf6 2. Nc3 g6 3. g3 Bg7 4. Bg2 0-0 5. d4 d6 6. e4 Nbd7 7. Nf3 e5 8. 0-0 c6 9. h3 Qb6 10. dxe5 dxe5 11. Qc2 Re8 12. Be3 Qb4 13. Nd2 Qe7 14. Rfd1 Nc5 15. b4 Ne6 16. c5 Nd4 17. Bxd4 exd4 18. Ne2 a5 19. b5 Nd7 20. bxc6 bxc6 21. Rac1 d3 22. Qxd3 Ba6 23. Qe3 Ne5 24. Nb3 Qf6 25. Rd6 Qe7 26. Rdd1 Rad8 27. Rxd8 Qxd8 28. Nf4 Nc4 29. Qe1 a4 30. Na1 Qe7 31. Qb4 Bb2 32. Rb1 Qf6 33. Nc2 Bb5 34. Qe1 Bc3 35. Qd1 Rd8 36. Nd5 cxd5 37. Rxb5 dxe4 38. Qe2 Rd2 39. Qxc4 Qxf2+ 0-1

[Event "Bogota University op 9th"]
[Site "Bogota"]
[Date "2015.10.10"]
[Round "5"]
[White "Ossa, Orlando Jose"]
[Black "Sanchez Ardila, Jorge Luis"]
[Result "1/2-1/2"]
[WhiteElo "2273"]
[BlackElo "2061"]
[PlyCount "63"]
[EventDate "2015.10.08"]
[EventType "swiss"]
[EventRounds "9"]
[EventCountry "COL"]
[SourceTitle "CBM 168 Extra"]
[Source "ChessBase"]
[SourceDate "2015.10.29"]
[SourceVersion "1"]
[SourceVersionDate "2015.10.29"]
[SourceQuality "1"]

1. e4 c5 2. c3 d5 3. exd5 Qxd5 4. d4 Nf6 5. Nf3 Bg4 6. Qa4+ Bd7 7. Qb3 Qxb3 8. axb3 e6 9. Na3 cxd4 10. Nb5 Bxb5 11. Bxb5+ Nbd7 12. Nxd4 Bc5 13. Be3 0-0 14. b4 Bb6 15. c4 Ne5 16. c5 Bc7 17. Be2 a6 18. h3 Nd5 19. Bd2 Rfd8 20. Nb3 Nc6 21. b5 axb5 22. Rxa8 Rxa8 23. Bxb5 Nd4 24. Bc4 Nxb3 25. Bxb3 Ra1+ 26. Bd1 Be5 27. Ke2 Bxb2 28. Kd3 Bc1 29. Bb3 Ra3 30. Kc2 Bxd2 31. Bxd5 exd5 32. Kxd2 1/2-1/2

[Event "Bogota University op 9th"]
[Site "Bogota"]
[Date "2015.10.09"]
[Round "4"]
[White "Padilla, Ivo"]
[Black "Sanchez Ardila, Jorge Luis"]
[Result "0-1"]
[WhiteElo "1921"]
[BlackElo "2061"]
[PlyCount "63"]
[EventDate "2015.10.08"]
[EventType "swiss"]
[EventRounds "9"]
[EventCountry "COL"]
[SourceTitle "CBM 168 Extra"]
[Source "ChessBase"]
[SourceDate "2015.10.29"]
[SourceVersion "1"]
[SourceVersionDate "2015.10.29"]
[SourceQuality "1"]

1. d4 Nf6 2. Nf3 g6 3. c4 Bg7 4. Nc3 0-0 5. e4 d6 6. Be2 e5 7. d5 a5 8. 0-0 Na6 9. h3 Nc5 10. Qc2 Ne8 11. Be3 b6 12. a3 f5 13. exf5 gxf5 14. Bg5 Bf6 15. Bh6 Ng7 16. b4 Nd7 17. Rad1 Rf7 18. Rfe1 Kh8 19. Kh1 Nf8 20. c5 axb4 21. axb4 dxc5 22. bxc5 Ng6 23. Qc1 f4 24. Ne4 Nf5 25. Bg5 Bxg5 26. Nfxg5 Rf8 27. Bg4 Ra2 28. Qc4 Rxf2 29. Ne6 Bxe6 30. dxe6 Ng3+ 31. Nxg3 fxg3 32. Qd3 0-1

[Event "Santander op"]
[Site "Santander"]
[Date "2011.12.22"]
[Round "8"]
[White "Sanchez Ardila, Jorge Luis"]
[Black "Quintero Rangel, Edwin"]
[Result "1-0"]
[WhiteElo "1647"]
[BlackElo "1879"]
[PlyCount "71"]
[EventDate "2011.12.17"]
[EventType "swiss"]
[EventRounds "9"]
[EventCountry "COL"]
[SourceTitle "CBM 146 Extra"]
[Source "ChessBase"]
[SourceDate "2012.02.29"]
[SourceVersion "1"]
[SourceVersionDate "2012.02.29"]
[SourceQuality "1"]

1. d4 d5 2. Bf4 Nf6 3. Nf3 e6 4. e3 Bd6 5. Bg3 Ne4 6. a3 Nd7 7. Nbd2 Nxg3 8. hxg3 c5 9. c3 b6 10. Rc1 Bb7 11. Qa4 a6 12. Be2 0-0 13. Qc2 g6 14. Qb1 e5 15. dxe5 Nxe5 16. Nxe5 Bxe5 17. Nf3 Bg7 18. Rd1 Qe7 19. Qc2 Rad8 20. 0-0 Rfe8 21. Rd2 Rd7 22. Rfd1 Red8 23. Qb3 b5 24. a4 c4 25. Qc2 Bc6 26. axb5 axb5 27. Nd4 Bxd4 28. Rxd4 b4 29. Bf3 Qc5 30. Qd2 bxc3 31. Qxc3 h5 32. b3 Qa3 33. Rb1 Ba4 34. Qa5 Qa2 35. Re1 Bxb3 36. Qb5 1-0

[Event "Santander op"]
[Site "Santander"]
[Date "2011.12.21"]
[Round "7"]
[White "Castillo, Arcenover"]
[Black "Sanchez Ardila, Jorge Luis"]
[Result "0-1"]
[WhiteElo "1859"]
[BlackElo "1647"]
[PlyCount "65"]
[EventDate "2011.12.17"]
[EventType "swiss"]
[EventRounds "9"]
[EventCountry "COL"]
[SourceTitle "CBM 146 Extra"]
[Source "ChessBase"]
[SourceDate "2012.02.29"]
[SourceVersion "1"]
[SourceVersionDate "2012.02.29"]
[SourceQuality "1"]

1. d4 d5 2. c4 c6 3. Nc3 e6 4. Nf3 Nf6 5. Bg5 Be7 6. Qc2 Nbd7 7. c5 h6 8. Bh4 0-0 9. h3 Ne8 10. g3 g5 11. Rg1 Ng7 12. Qd2 f5 13. 0-0-0 b6 14. Kb1 Rf7 15. e4 fxe4 16. Ne5 Nxe5 17. dxe5 Bxc5 18. Nxe4 Be7 19. Qc2 Bd7 20. Nc3 Qf8 21. Rd2 c5 22. Qg6 gxh4 23. gxh4 c4 24. Qxh6 Rf4 25. Rxg7+ Qxg7 26. Qxf4 Rf8 27. Qh2 Bxh4 28. f4 Kh8 29. Rg2 Qh7+ 30. Kc1 Rg8 31. Rg4 Be7 32. Qf2 Be8 33. a3 0-1

[Event "Santander op"]
[Site "Santander"]
[Date "2011.12.20"]
[Round "6"]
[White "Sanchez Ardila, Jorge Luis"]
[Black "Mendez Rivera, Anderson Heribert"]
[Result "0-1"]
[WhiteElo "1647"]
[BlackElo "1940"]
[PlyCount "25"]
[EventDate "2011.12.17"]
[EventType "swiss"]
[EventRounds "9"]
[EventCountry "COL"]
[SourceTitle "CBM 146 Extra"]
[Source "ChessBase"]
[SourceDate "2012.02.29"]
[SourceVersion "1"]
[SourceVersionDate "2012.02.29"]
[SourceQuality "1"]

1. d4 Nf6 2. Bf4 c5 3. c3 Qb6 4. Qb3 cxd4 5. Qxb6 axb6 6. cxd4 Nc6 7. e3 Nb4 8. Kd1 Rxa2 9. Rxa2 Nxa2 10. Bc4 Nb4 11. Nc3 d5 12. Bb5+ Nd7 13. Bc7 0-1

[Event "Santander op"]
[Site "Santander"]
[Date "2011.12.18"]
[Round "4"]
[White "Sanchez Ardila, Jorge Luis"]
[Black "Quintero Rueda, Elizabeth"]
[Result "1-0"]
[WhiteElo "1647"]
[BlackElo "1492"]
[PlyCount "55"]
[EventDate "2011.12.17"]
[EventType "swiss"]
[EventRounds "9"]
[EventCountry "COL"]
[SourceTitle "CBM 146 Extra"]
[Source "ChessBase"]
[SourceDate "2012.02.29"]
[SourceVersion "1"]
[SourceVersionDate "2012.02.29"]
[SourceQuality "1"]

1. d4 d5 2. Bf4 Nc6 3. e3 Bf5 4. a3 e6 5. c4 Nf6 6. Nc3 Be7 7. Nf3 0-0 8. Rc1 Re8 9. Be2 Ne4 10. 0-0 Bg5 11. Nxg5 Nxg5 12. cxd5 e5 13. Bxg5 Ne7 14. dxe5 h6 15. Bh4 g5 16. Bg3 Ng6 17. f4 Bd7 18. Ne4 Re7 19. Nf6+ Kh8 20. Qd4 Bc8 21. Bd3 b6 22. f5 Nh4 23. e6 fxe6 24. fxe6 Bb7 25. Ng4+ Rg7 26. Rf7 Qg8 27. Rcxc7 Rc8 28. Rxg7 1-0